{"text_format":"3","workbook":"xls","n_sheets":3,"sheets":["Структура цене","Sheet2","Sheet3"],"not_rendered":{"external_links":1,"defined_names":10},"read":"whole","date_system":"1900","formulas":"cached_only"}

{"sheet":"Структура цене","index":0,"n_rows":77,"n_cols":6,"rows_kept":77,"merged":[[0,0,2,5],[3,0,3,5],[4,0,5,0],[4,1,5,1],[6,1,6,5],[12,0,12,4],[13,1,13,5],[15,8,15,11],[17,0,17,4],[18,0,18,5],[21,1,21,4],[22,0,22,5],[25,0,25,4],[26,0,26,5],[28,1,28,4],[29,0,29,5],[31,1,31,4],[32,0,32,5],[35,0,35,4],[36,1,36,5],[38,0,38,4],[39,0,39,5],[44,0,44,4],[45,0,45,5],[46,0,46,3],[46,4,46,5],[47,0,47,3],[47,4,47,5],[48,0,48,3],[48,4,48,5],[49,0,49,3],[49,4,49,5],[49,7,49,11],[50,0,50,3],[50,4,50,5],[51,0,51,3],[51,4,51,5],[52,0,52,3],[52,4,52,5],[53,0,53,3],[53,4,53,5],[54,0,54,3],[54,4,54,5],[55,0,55,3],[55,4,55,5],[56,0,56,5],[58,0,59,0],[58,1,59,1],[58,2,59,2],[58,3,59,3],[58,4,59,4],[58,5,59,5],[66,0,66,4],[67,0,67,5],[68,0,68,3],[68,4,68,5],[69,0,69,3],[69,4,69,5],[70,0,70,3],[70,4,70,5],[71,0,71,3],[71,4,71,5],[72,0,72,3],[72,4,72,5],[73,3,73,5],[74,3,74,5],[75,3,75,5],[76,3,79,5]],"flags":["formulas_cached_only"]}
["ОБРАЗАЦ СТРУКТУРЕ ПОНУЂЕНЕ ЦЕНЕ\nИзградња видиковаца на Гудуричком врху\nЈНОП 405-020/2025-IV-09"]
[]
[]
["Видиковац, Гудурички врх, к.п. бр. 1541 КО Велико Средиште"]
["Бр.","Опис радова","Јед. мере","Количина","Јед. Цена без пдв ","Укупна цена без пдв"]
[{"$nulls":3},"А","Б","АxБ"]
[null," ПРИПРЕМНИ РАДОВИ"]
[1,"Монтажа и демонтажа заштитне ограде од PVC  мреже. На сваких 2m поставити стубове за затезање мреже, висине 2m. Поставити капију за пролаз и на ограду поставити таблу са упозорењем за пролазнике. Ограда се користи за све време трајања радова. Обрачун по м2 ограде.","м2",{"v":100,"d":"100.00"},null,{"v":0,"d":"0.00"}]
[2,"Израда радне надстрешнице за рад, обраду грађе, арматуре и слично. Радну надстрешницу израдити од фосни и цеви за фасадну скелу или дрвене грађе. Преко надстрешнице од фосни поставити слој тер папира и причврстити летвама и ексерима.Обрачун по m2 изведене надстрешнице.","м2",{"v":20,"d":"20.00"},null,{"v":0,"d":"0.00"}]
[3,"Израда, транспорт и уградња градилишне табле у свему према Правилнику о изгледу, садржини и месту градилишне табле .","паушал",1,null,{"v":0,"d":"0.00"}]
[4,"Израда и постављање табли и других ознака са упозорењем, а по техничким прописима. Табла је димензија 80/60cm.Обрачун по комаду табле.","ком",{"v":1,"d":"1.00"},null,{"v":0,"d":"0.00"}]
[5,"Уклањање местимично оштећеног заштитног слоја постојећих армиранобетонских темеља. Уклањање остатака старих анкерних склопова предходне надстрешнице Обрачун по m2 основе темеља.","м2",{"v":10,"d":"10.00"},null,{"v":0,"d":"0.00"}]
["УКУПНО:",{"$nulls":4},{"v":0,"d":"0.00"}]
[null,"ЗЕМЉАНИ РАДОВИ"]
[6,"Машински ископ земље III категорије у широком откопу у слоју d=100cm, за новопројектоване темељне траке по ободу постојећег темеља.Обрачун по m3 самониклог тла.","м3",{"v":14,"d":"14.00"},null,{"v":0,"d":"0.00"}]
[7,"Набавка, превоз, разастирање, планирање тампонског материјала од иберлауфа или чистог каменитог материјака (туцаника) испод подне плоче d=20cm а и око темеља у слојевима од 20cm са потребним збијање. Минималан модул стишљивости МS=50MPa. Обрачун по m3 у збијеном стању.","м3",{"v":4,"d":"4.00"},null,{"v":0,"d":"0.00"}]
[8,"Затрпавање темељног рова након израде темеља. Разастирање вишка ископане земље и планирање околног терена непосредно уз објекат видиковца. Обрачун по m3 у збијеном стању.","м3",{"v":2,"d":"2.00"},null,{"v":0,"d":"0.00"}]
["УКУПНО:",{"$nulls":4},{"v":0,"d":"0.00"}]
["БЕТОНСКИ И АБ РАДОВИ"]
[9,"Набавка материјала и бетонирање подложног бетона дебљине d=5cm испод новопројектованих делова темељних трака и подне плоче, неармираним мршавим бетоном C21/16.  Обрачун по m2.","м³",{"v":2,"d":"2.00"},null,{"v":0,"d":"0.00"}]
[10,"Набавка материјала и бетонирање темељних трака, темељних греда и подне плоче бетоном C25/30; у потребној оплати. Пре бетонирања уградити темељни уземљивач у свему према пројекту електроинсталација. У цену урачуната уградња анкера и анкер плоча за стубове према детаљу у пројекту. Обрачун по m3.","м³",{"v":16,"d":"16.00"},null,{"v":0,"d":"0.00"}]
[null,"УКУПНО:",{"$nulls":3},{"v":0,"d":"0.00"}]
["АРМИРАЧКИ РАДОВИ"]
[11,"Набавка,машинско исправљање, сечење и савијање и ручна монтажа ребрастог арматурног челика квалитета B500B.\nОбрачун по kg.","kg",{"v":560,"d":"560.00"},null,{"v":0,"d":"0.00"}]
[12,"Набавка, сечење и ручна монтажа мрежасте арматуре арматурног челика квалитета B500B.Обрачун по kg","kg",{"v":290,"d":"290.00"},null,{"v":0,"d":"0.00"}]
["УКУПНО:",{"$nulls":4},{"v":0,"d":"0.00"}]
["ЧЕЛИЧАРСКИ  РАДОВИ"]
[13,"Набавка и чишћење материјала, израда челичне конструкције према цртежима пројекта за извођење, радионичке документације, пробна монтажа, транспорт, монтажа, антикорозиона заштита, антипожарна заштита  а све према условима и правилницима за производњу, монтажу, антикорозиону заштиту,антипожарну заштиту и транспорт челичних конструкција. Челичну конструкцију обојити у боји по карти РАЛ 6011.Обрачун по кг.","kg",{"v":5500,"d":"5,500.00"},null,{"v":0,"d":"0.00"}]
[null,"УКУПНО:",{"$nulls":3},{"v":0,"d":"0.00"}]
["БРАВАРСКИ РАДОВИ"]
[14,"Израда, транспорт и монтажа металног дела ограде степеништа и платформи од хладно ваљаних кутијастих профила и флахова стандардног квалитета са свим потребним спојним материјалом. Површину профила и лимова пре фарбања претходно припремити у складу са правилником о техничким мерама и условима за заштиту челичних конструкција од корозије. Минизирати основном бојом два пута и фарбати завршом бојом у тону као и носећи део конструкције. Бочно причвршћивање за стубове урадити директно заваривањем према детаљу. \nУ цену улази и набавка, транспорт и уградња дрвене испуне од масива тврдог дрвета од дасака ширине 10cm.\nОбрачун по m1. ","м1",{"v":47,"d":"47.00"},null,{"v":0,"d":"0.00"}]
[null,"УКУПНО:",{"$nulls":3},{"v":0,"d":"0.00"}]
["ЛИМАРСКИ РАДОВИ"]
[15,"Набавка материјала и покривање крова челичним поцинкованим лимом ТР 60/210 дебљине 0,60mm, у боји по избору пројектанта. У цену је урачунат сав потребни спојни материјал, радне скеле и опрема за монтажу и уградњу. Покривање извести по пројекту, детаљима и упутству произвођача и пројектанта.Обрачун по m2","м2",{"v":18.5,"d":"18.50"},null,{"v":0,"d":"0.00"}]
[16,"Набавка материјала и опшив, слемена, обода кровних равни и забатноих површина крова поцинкованим пластифицираним лимом дебљине 0,60mm и развијене ширине 600 mm, у боји по избору пројектанта. У цену је урачунат сав потребни спојни материјал, радне скеле и опрема за монтажу и уградњу. Опшивање извести по пројекту, детаљима и упутству произвођача и пројектанта.Обрачун по m2.","м2",{"v":6,"d":"6.00"},null,{"v":0,"d":"0.00"}]
["УКУПНО:",{"$nulls":4},{"v":0,"d":"0.00"}]
[null,"ПОДОПОЛАГАЧКИ РАДОВИ"]
[17,"Набавка, транспорт и уградња газишта степеништних кракова, подеста и платформи од дрвених талпи дебљине d=5cm. Талпе урадити од масива тврдог дрвета уз адекватну хемијску заштиту од атмосферске влаге, буђи, гљивица, трулежи и УВ зрачења, премазом на уљаној бази у два слоја у свему према препоруци произвођача. Заштиту талпи извршити пре коначне уградње.","м2",{"v":34,"d":"34.00"},null,{"v":0,"d":"0.00"}]
["УКУПНО:",{"$nulls":4},{"v":0,"d":"0.00"}]
["ОСТАЛИ РАДОВИ"]
[18,"Уређивање површине око видиковца","паушал",1,null,{"v":0,"d":"0.00"}]
[19,"Набавка, довоз и уградња парковске клупе ","ком",4,null,{"v":0,"d":"0.00"}]
[20,"Набавка, довоз и уградња парковске канте ","ком",2,null,{"v":0,"d":"0.00"}]
[21,"Набавка, довоз и уградња имформативне табле ","ком",1,null,{"v":0,"d":"0.00"}]
["УКУПНО:",{"$nulls":4},{"v":0,"d":"0.00"}]
["ГРАЂЕВИНСКИ РАДОВИ"]
[" ПРИПРЕМНИ РАДОВИ",{"$nulls":3},{"v":0,"d":"0.00"}]
["ЗЕМЉАНИ РАДОВИ","ЗЕМЉАНИ РАДОВИ",null,null,{"v":0,"d":"0.00"}]
["БЕТОНСКИ И АБ РАДОВИ",{"$nulls":3},{"v":0,"d":"0.00"}]
["АРМИРАЧКИ РАДОВИ",{"$nulls":3},{"v":0,"d":"0.00"}]
["ЧЕЛИЧАРСКИ РАДОВИ",{"$nulls":3},{"v":0,"d":"0.00"}]
["БРАВАРСКИ РАДОВИ",{"$nulls":3},{"v":0,"d":"0.00"}]
["ЛИМАРСКИ РАДОВИ",{"$nulls":3},{"v":0,"d":"0.00"}]
["ПОДПОЛАГАЧКИ РАДОВИ",{"$nulls":3},{"v":0,"d":"0.00"}]
["ОСТАЛИ РАДОВИ",{"$nulls":3},{"v":0,"d":"0.00"}]
["УКУПНО :",{"$nulls":3},{"v":0,"d":"0.00"}]
["ГРОМОБРАНСКА ИНСТАЛАЦИЈА"]
[1,"Ископ рова димензија (0,1x0,4)м у земљишту III категорије за потребе полагања траке ФеЗн 25x4мм за израду тракастог уземљивача. У јединичну цену урачунати све потребне радове и материјал. Обрачунава се и плаћа по м¹ ископаног рова.","м1",{"v":56,"d":"56.00"},null,{"v":0,"d":"0.00"}]
[2,"Набавка, испорука и уградња уземљивачке траке FeZn 25x4мм за израду: тракастог уземљивача П 25 СРПС Н.Б4.901 Ч полагањем у претходно ископан ров; темељног уземљивача СРПС Н.Б4.9 (Фе-Зн 25x4мм) полагањем траке у претходно ископан темељни ров; међусобно повезивање две уземљивачке контуре на 4 места полагањем траке дужине 2,4м и повезивањем у спојевима у олову на оба краја; повезивање металне конструкције објекта на другу (спољну) контуру уземљивачког система на 8 места полагањем траке дужине 3м и наваривањем на стопу контуре на једном крају, односно повезивањем у споју у олову на другом крају . Обрачунава се и плаћа по м¹ положене траке.","м1",{"v":105,"d":"105.00"},null,{"v":0,"d":"0.00"}]
[]
[3,"Набавка, испорука и уградња вертикалног штапног уземљивача СРПС Н.Б4.942/2,5\"x2м са повезивањем на претходно постављени тракасти уземљивач помоћу обујмице за цев СРПС Н.Б4.915 П-3\". Обрачунава се и плаћа по комаду вертикалног штапног уземљивача, комплет рад и материјал према опису позиције.","ком",{"v":4,"d":"4.00"},null,{"v":0,"d":"0.00"}]
[4,"Набавка, испорука и уградња споја у олову СРПС.Н.Б4.936/ИИИ ТТ 60x60 + К-У-К. Обрачунава се и плаћа по комаду споја у олову.","ком",{"v":16,"d":"16.00"},null,{"v":0,"d":"0.00"}]
[5,"Заваривање комада траке ФеЗн 25x4мм дужине до 1м на челичну конструкцију на једном крају и кровни покривач на другом крају за галванско и електрично повезивање елемената \"природног\" прихватног и спусног система. У цену урачунати и накнадну заштиту места варова од корозије. Обрачунава се и плаћа по комаду.","ком",{"v":4,"d":"4.00"},null,{"v":0,"d":"0.00"}]
[6,"Набавка, испорука и уградња тракасте хватаљке СРПС Н.Б4.902/Ц Л-500мм П комадом траке ФеЗн 20x3мм дужине до 2м. Трака се наварује на металну коснтрукцију објекта тако да висина траке изнад највише тачке крова износи минимално 0,5м.  У цену урачунати и накнадну заштиту места варова од корозије. Обрачунава се и плаћа по комаду хватаљке.","ком",{"v":4,"d":"4.00"},null,{"v":0,"d":"0.00"}]
[7,"Набавка, испорука и уградња обујмице за цев СРПС Н.Б4.915 П-3\" за повезивање тракастог уземљивача са вертикалним штапним уземљивачима. Обрачунава се и плаћа по комаду обујмице, комплет рад и материјал према опису позиције.","ком",{"v":4,"d":"4.00"},null,{"v":0,"d":"0.00"}]
[8,"Испитивање инсталације, вршење потребних мерења, издавање атеста и пуштање инсталације у пробни рад. Обрачунава се и плаћа паушално.","ком",{"v":1,"d":"1.00"},null,{"v":0,"d":"0.00"}]
["УКУПНО:",{"$nulls":4},{"v":0,"d":"0.00"}]
["РЕКАПИТУЛАЦИЈА"]
["ГРАЂЕВИНСКИ РАДОВИ",{"$nulls":3},{"v":0,"d":"0.00"}]
["ГРОМОБРАНСКА ИНСТАЛАЦИЈА","ЗЕМЉАНИ РАДОВИ",null,null,{"v":0,"d":"0.00"}]
["УКУПНО:",{"$nulls":3},{"v":0,"d":"0.00"}]
["ПДВ 20%:",{"$nulls":3},{"v":0,"d":"0.00"}]
["УКУПНО:",{"$nulls":3},{"v":0,"d":"0.00"}]
[]
[]
[]
[null,"Упутство за попуњавање:\nУ колони  Јед. Цена без пдв означена са словом \"Б\" уписати јединичну цену без пдв, све остале вредности се саме формирају на основу дате јединичне цене."]

{"sheet":"Sheet2","index":1,"n_rows":63,"n_cols":6,"rows_kept":63,"merged":[[0,0,2,5],[3,0,3,5],[4,0,5,0],[4,1,5,1],[6,1,6,5],[12,0,12,4],[13,1,13,5],[17,0,17,4],[18,0,18,5],[21,1,21,4],[22,0,22,5],[25,0,25,4],[26,0,26,5],[28,1,28,4],[29,0,29,5],[31,1,31,4],[32,0,32,5],[35,0,35,4],[36,1,36,5],[38,0,38,4],[39,0,39,5],[40,0,41,0],[40,1,41,1],[40,2,41,2],[40,3,41,3],[40,4,41,4],[40,5,41,5],[43,0,43,4],[44,0,44,5],[49,0,49,4],[50,0,50,5],[51,0,51,3],[51,4,51,5],[52,0,52,3],[52,4,52,5],[53,0,53,3],[53,4,53,5],[54,0,54,3],[54,4,54,5],[55,0,55,3],[55,4,55,5],[56,0,56,3],[56,4,56,5],[57,0,57,3],[57,4,57,5],[58,0,58,3],[58,4,58,5],[59,0,59,3],[59,4,59,5],[60,0,60,3],[60,4,60,5],[61,0,61,3],[61,4,61,5],[62,0,62,3],[62,4,62,5],[63,0,63,3],[63,4,63,5]],"flags":["formulas_cached_only"]}
["ПРЕДМЕР И ПРЕДРАЧУН РАДОВА"]
[]
[]
["Видиковац, Гудурички врх, к.п. бр. 1541 КО Велико Средиште"]
["Бр.","Опис радова","Јед. мере","Количина","Јед. цена ","Цена"]
[{"$nulls":3},"А","Б","АxБ"]
[null," ПРИПРЕМНИ РАДОВИ"]
[1,"Монтажа и демонтажа заштитне ограде од PVC  мреже. На сваких 2m поставити стубове за затезање мреже, висине 2m. Поставити капију за пролаз и на ограду поставити таблу са упозорењем за пролазнике. Ограда се користи за све време трајања радова. Обрачун по м2 ограде.","м2",{"v":100,"d":"100.00"},{"v":600,"d":"600.00"},{"v":60000,"d":"60,000.00"}]
[2,"Израда радне надстрешнице за рад, обраду грађе, арматуре и слично. Радну надстрешницу израдити од фосни и цеви за фасадну скелу или дрвене грађе. Преко надстрешнице од фосни поставити слој тер папира и причврстити летвама и ексерима.Обрачун по m2 изведене надстрешнице.","м2",{"v":20,"d":"20.00"},{"v":1000,"d":"1,000.00"},{"v":20000,"d":"20,000.00"}]
[3,"Израда, транспорт и уградња градилишне табле у свему према Правилнику о изгледу, садржини и месту градилишне табле .","паушал",1,{"v":20000,"d":"20,000.00"},{"v":20000,"d":"20,000.00"}]
[4,"Израда и постављање табли и других ознака са упозорењем, а по техничким прописима. Табла је димензија 80/60cm.Обрачун по комаду табле.","ком",{"v":1,"d":"1.00"},{"v":8000,"d":"8,000.00"},{"v":8000,"d":"8,000.00"}]
[5,"Уклањање местимично оштећеног заштитног слоја постојећих армиранобетонских темеља. Уклањање остатака старих анкерних склопова предходне надстрешнице Обрачун по m2 основе темеља.","м2",{"v":10,"d":"10.00"},{"v":1000,"d":"1,000.00"},{"v":10000,"d":"10,000.00"}]
["УКУПНО:",{"$nulls":4},{"v":118000,"d":"118,000.00"}]
[null,"ЗЕМЉАНИ РАДОВИ"]
[6,"Машински ископ земље III категорије у широком откопу у слоју d=100cm, за новопројектоване темељне траке по ободу постојећег темеља.Обрачун по m3 самониклог тла.","м3",{"v":14,"d":"14.00"},{"v":650,"d":"650.00"},{"v":9100,"d":"9,100.00"}]
[7,"Набавка, превоз, разастирање, планирање тампонског материјала од иберлауфа или чистог каменитог материјака (туцаника) испод подне плоче d=20cm а и око темеља у слојевима од 20cm са потребним збијање. Минималан модул стишљивости МS=50MPa. Обрачун по m3 у збијеном стању.","м3",{"v":4,"d":"4.00"},{"v":2500,"d":"2,500.00"},{"v":10000,"d":"10,000.00"}]
[8,"Затрпавање темељног рова након израде темеља. Разастирање вишка ископане земље и планирање околног терена непосредно уз објекат видиковца. Обрачун по m3 у збијеном стању.","м3",{"v":2,"d":"2.00"},{"v":1000,"d":"1,000.00"},{"v":2000,"d":"2,000.00"}]
["УКУПНО:",{"$nulls":4},{"v":21100,"d":"21,100.00"}]
["БЕТОНСКИ И АБ РАДОВИ"]
[9,"Набавка материјала и бетонирање подложног бетона дебљине d=5cm испод новопројектованих делова темељних трака и подне плоче, неармираним мршавим бетоном C21/16.  Обрачун по m2.","m³",{"v":2,"d":"2.00"},{"v":40000,"d":"40,000.00"},{"v":80000,"d":"80,000.00"}]
[10,"Набавка материјала и бетонирање темељних трака, темељних греда и подне плоче бетоном C25/30; у потребној оплати. Пре бетонирања уградити темељни уземљивач у свему према пројекту електроинсталација. У цену урачуната уградња анкера и анкер плоча за стубове према детаљу у пројекту. Обрачун по m3.","m³",{"v":16,"d":"16.00"},{"v":40000,"d":"40,000.00"},{"v":640000,"d":"640,000.00"}]
[null,"УКУПНО:",{"$nulls":3},{"v":720000,"d":"720,000.00"}]
["АРМИРАЧКИ РАДОВИ"]
[11,"Набавка,машинско исправљање, сечење и савијање и ручна монтажа ребрастог арматурног челика квалитета B500B.\nОбрачун по kg.","kg",{"v":560,"d":"560.00"},{"v":250,"d":"250.00"},{"v":140000,"d":"140,000.00"}]
[12,"Набавка, сечење и ручна монтажа мрежасте арматуре арматурног челика квалитета B500B.Обрачун по kg","kg",{"v":290,"d":"290.00"},{"v":250,"d":"250.00"},{"v":72500,"d":"72,500.00"}]
["УКУПНО:",{"$nulls":4},{"v":212500,"d":"212,500.00"}]
["ЧЕЛИЧАРСКИ  РАДОВИ"]
[13,"Набавка и чишћење материјала, израда челичне конструкције према цртежима пројекта за извођење, радионичке документације, пробна монтажа, транспорт, монтажа, антикорозиона заштита, антипожарна заштита  а све према условима и правилницима за производњу, монтажу, антикорозиону заштиту,антипожарну заштиту и транспорт челичних конструкција. Челичну конструкцију обојити у боји по избору Инвеститора.Обрачун по кг.","kg",{"v":5500,"d":"5,500.00"},{"v":650,"d":"650.00"},{"v":3575000,"d":"3,575,000.00"}]
[null,"УКУПНО:",{"$nulls":3},{"v":3575000,"d":"3,575,000.00"}]
["БРАВАРСКИ РАДОВИ"]
[14,"Израда, транспорт и монтажа металног дела ограде степеништа и платформи од хладно ваљаних кутијастих профила и флахова стандардног квалитета са свим потребним спојним материјалом. Површину профила и лимова пре фарбања претходно припремити у складу са правилником о техничким мерама и условима за заштиту челичних конструкција од корозије. Минизирати основном бојом два пута и фарбати завршом бојом у тону као и носећи део конструкције. Бочно причвршћивање за стубове урадити директно заваривањем према детаљу. \nУ цену улази и набавка, транспорт и уградња дрвене испуне од масива тврдог дрвета од дасака ширине 10cm.\nОбрачун по m1. ","м",{"v":47,"d":"47.00"},{"v":12000,"d":"12,000.00"},{"v":564000,"d":"564,000.00"}]
[null,"УКУПНО:",{"$nulls":3},{"v":564000,"d":"564,000.00"}]
["ЛИМАРСКИ РАДОВИ"]
[15,"Набавка материјала и покривање крова челичним поцинкованим лимом ТР 60/210 дебљине 0,60mm, у боји по избору пројектанта. У цену је урачунат сав потребни спојни материјал, радне скеле и опрема за монтажу и уградњу. Покривање извести по пројекту, детаљима и упутству произвођача и пројектанта.Обрачун по m2","m2",{"v":18.5,"d":"18.50"},{"v":4000,"d":"4,000.00"},{"v":74000,"d":"74,000.00"}]
[16,"Набавка материјала и опшив, слемена, обода кровних равни и забатноих површина крова поцинкованим пластифицираним лимом дебљине 0,60mm и развијене ширине 600 mm, у боји по избору пројектанта. У цену је урачунат сав потребни спојни материјал, радне скеле и опрема за монтажу и уградњу. Опшивање извести по пројекту, детаљима и упутству произвођача и пројектанта.Обрачун по m2.","m2",{"v":6,"d":"6.00"},{"v":3500,"d":"3,500.00"},{"v":21000,"d":"21,000.00"}]
["УКУПНО:",{"$nulls":4},{"v":95000,"d":"95,000.00"}]
[null,"ПОДОПОЛАГАЧКИ РАДОВИ"]
[17,"Набавка, транспорт и уградња газишта степеништних кракова, подеста и платформи од дрвених талпи дебљине d=5cm. Талпе урадити од масива тврдог дрвета уз адекватну хемијску заштиту од атмосферске влаге, буђи, гљивица, трулежи и УВ зрачења, премазом на уљаној бази у два слоја у свему према препоруци произвођача. Заштиту талпи извршити пре коначне уградње.","m2",{"v":34,"d":"34.00"},{"v":10000,"d":"10,000.00"},{"v":340000,"d":"340,000.00"}]
["УКУПНО:",{"$nulls":4},{"v":340000,"d":"340,000.00"}]
["ГРОМОБРАНСКА ИНСТАЛАЦИЈА"]
[18,"Темељни уземљивач објекта изведен од челичне поцинковане траке Fe/Zn 25x4mm, положене у темељ објекта пре бетонирања варењем за бетонску арматуру темеља и међусобним везама изведеним укрсним комадима ЈУС Н.Б4 932-Б/0. У цену урачуната и израда извода са темељног уземљивача од челичне поцинковане траке Fe/Zn 25x4 mm, са свим потребним спојним материјалом.Обрачун и плаћање по m1 уграђене траке","m1",{"v":25,"d":"25.00"},{"v":1000,"d":"1,000.00"},{"v":25000,"d":"25,000.00"}]
[]
[19,"Израда громобранске инсталације према пројекту. ","паушал",{"v":1,"d":"1.00"},{"v":300000,"d":"300,000.00"},{"v":300000,"d":"300,000.00"}]
["УКУПНО:",{"$nulls":4},{"v":325000,"d":"325,000.00"}]
["ОСТАЛИ РАДОВИ"]
[20,"Уређивање површине око видиковца","паушал",1,{"v":30000,"d":"30,000.00"},{"v":30000,"d":"30,000.00"}]
[21,"Набавка, довоз и уградња парковске клупе ","ком",4,{"v":15000,"d":"15,000.00"},{"v":60000,"d":"60,000.00"}]
[22,"Набавка, довоз и уградња парковске канте ","ком",2,{"v":7000,"d":"7,000.00"},{"v":14000,"d":"14,000.00"}]
[23,"Набавка, довоз и уградња имформативне табле ","ком",1,{"v":20000,"d":"20,000.00"},{"v":20000,"d":"20,000.00"}]
["УКУПНО:",{"$nulls":4},{"v":124000,"d":"124,000.00"}]
["РЕКАПИТУЛАЦИЈА"]
[" ПРИПРЕМНИ РАДОВИ",{"$nulls":3},{"v":118000,"d":"118,000.00"}]
["ЗЕМЉАНИ РАДОВИ","ЗЕМЉАНИ РАДОВИ",null,null,{"v":21100,"d":"21,100.00"}]
["БЕТОНСКИ И АБ РАДОВИ",{"$nulls":3},{"v":720000,"d":"720,000.00"}]
["АРМИРАЧКИ РАДОВИ",{"$nulls":3},{"v":212500,"d":"212,500.00"}]
["ЧЕЛИЧАРСКИ РАДОВИ",{"$nulls":3},{"v":3575000,"d":"3,575,000.00"}]
["ЛИМАРСКИ РАДОВИ",{"$nulls":3},{"v":95000,"d":"95,000.00"}]
["ПОДПОЛАГАЧКИ РАДОВИ",{"$nulls":3},{"v":340000,"d":"340,000.00"}]
["ГРОМОБРАНСКА ИНСТАЛАЦИЈА",{"$nulls":3},{"v":325000,"d":"325,000.00"}]
["ОСТАЛИ РАДОВИ",{"$nulls":3},{"v":124000,"d":"124,000.00"}]
["УКУПНО РАДОВИ без ПДВ-а :",{"$nulls":3},{"v":5530600,"d":"5,530,600.00"}]
["ПДВ 20% :",{"$nulls":3},{"v":1106120,"d":"1,106,120.00"}]
["УКУПНО РАДОВИ са ПДВ-ом :",{"$nulls":3},{"v":6636720,"d":"6,636,720.00"}]

{"sheet":"Sheet3","index":2,"n_rows":0,"n_cols":0,"rows_kept":0,"flags":["formulas_cached_only"]}